Marketing / (Record no. 344691)
[ view plain ]
| 000 -LEADER | |
|---|---|
| fixed length control field | 01069 a2200217 4500 |
| 020 ## - INTERNATIONAL STANDARD BOOK NUMBER | |
| International Standard Book Number | 0333658477 |
| 020 ## - INTERNATIONAL STANDARD BOOK NUMBER | |
| International Standard Book Number | 9780333658475 |
| 090 ## - LOCALLY ASSIGNED LC-TYPE CALL NUMBER (OCLC); LOCAL CALL NUMBER (RLIN) | |
| -- | 2189 |
| -- | 2189 |
| 100 1# - MAIN ENTRY--PERSONAL NAME | |
| Personal name | Lancaster, Geoffrey A. |
| 245 10 - TITLE STATEMENT | |
| Title | Marketing / |
| Statement of responsibility, etc. | Geoffrey A. Lancaster. |
| 260 ## - PUBLICATION, DISTRIBUTION, ETC. | |
| Place of publication, distribution, etc. | [S.l.] : |
| Name of publisher, distributor, etc. | Palgrave Macmillan, |
| Date of publication, distribution, etc. | 1998. |
| 300 ## - PHYSICAL DESCRIPTION | |
| Extent | 336 p. ; |
| Dimensions | 24 cm. |
| 490 1# - SERIES STATEMENT | |
| Series statement | Business masters. |
| 500 ## - GENERAL NOTE | |
| General note | Paperback. |
| 520 ## - SUMMARY, ETC. | |
| Summary, etc. | This introductory text provides a comprehensive guide structured to cover milestones in marketing thinking and demonstrate their application. It should be useful to students coming to the subject for the first time but may also benefit practitioners as an aid to tactical marketing thinking and as a pointer to more advanced strategic marketing planning processes and structures. |
| 700 1# - ADDED ENTRY--PERSONAL NAME | |
| Personal name | Reynolds, Paul. |
| 830 #0 - SERIES ADDED ENTRY--UNIFORM TITLE | |
| Uniform title | Business masters. |
| 856 40 - ELECTRONIC LOCATION AND ACCESS | |
| Materials specified | Amazon.com |
| Uniform Resource Identifier | <a href="http://www.amazon.com/exec/obidos/ASIN/0333658477/chopaconline-20">http://www.amazon.com/exec/obidos/ASIN/0333658477/chopaconline-20</a> |
| 856 40 - ELECTRONIC LOCATION AND ACCESS | |
| Materials specified | Amazon customer reviews |
| Uniform Resource Identifier | <a href="http://www.chopac.org/cgi-bin/tools/azrev.pl?q=0333658477">http://www.chopac.org/cgi-bin/tools/azrev.pl?q=0333658477</a> |
| 942 ## - ADDED ENTRY ELEMENTS (KOHA) | |
| Institution code [OBSOLETE] | NBS |
| Koha item type | Book |
| Call number prefix | 658.8 LAN |
| Withdrawn status | Lost status | Damaged status | Not for loan | Permanent Location | Current Location | Date acquired | Total Checkouts | Full call number | Barcode | Date last seen | Price effective from | Koha item type |
|---|---|---|---|---|---|---|---|---|---|---|---|---|
| Central Library (CL) | Central Library (CL) | 08/28/2013 | 658.8 LAN | NBS66 | 01/23/2020 | 08/28/2013 | Book |
